| 000 | 00348nam a22001337a 4500 | ||
|---|---|---|---|
| 008 | 181205b xxu||||| |||| 00| 0 eng d | ||
| 020 | _a 9781605541488 | ||
| 041 | _aeng | ||
| 080 | _a371 | ||
| 100 | _a46 | ||
| 101 | _aEDU | ||
| 245 |
_aReflecting in Communities of Practice A Workbook for Early Childhood Educators _cCurtis,D |
||
| 942 |
_2udc _cBK |
||
| 999 |
_c52876 _d52876 |
||